Which country has the speakers of these languages? - Statistics

General Stats
  • This quiz has been taken 16 times
  • The average score is 10 of 15
Answer Stats
Hint Answer % Correct
Tatar Russia
100%
Sinhala Sri Lanka
93%
Romansh Switzerland
93%
Niuean New Zealand
80%
Hakka China
73%
Gilbertese Kiribati
73%
Nahuatl Mexico
67%
Dzongkha Bhutan
60%
Aymara Bolivia/Peru/Chile
60%
Asturian Spain
60%
Hiri Motu Papua New Guinea
53%
Tetum East Timor
47%
Sango Central African Republic
40%
Santali India
40%
Bissa Burkina Faso
13%
No matching quizzes found
Score Distribution
Percent of People with Each Score
Percentile by Number Answered
Your Score History
You have not taken this quiz